عرض عادي
عرض مارك
- النزاع العربي الإسرائيلي
دخول Topical Term
001 - CONTROL NUMBER
- control field: 29351
003 - CONTROL NUMBER IDENTIFIER
- control field: AE-AdECS
005 - DATE AND TIME OF LATEST TRANSACTION
- control field: 20260428101001.0
008 - FIXED-LENGTH DATA ELEMENTS
- fixed length control field: 260428|| aca||aabn | a|a d
040 ## - CATALOGING SOURCE
- Original cataloging agency: AE-AdECS
- Transcribing agency: AE-AdECS
150 ## - HEADING--TOPICAL TERM
- Topical term or geographic name entry element: النزاع العربي الإسرائيلي
- Chronological subdivision: 1993-
670 ## - SOURCE DATA FOUND
- Source citation: Work cat.: (AE-AdECS)294932: من النهر إلى البحر :
